000 00422nam a2200169Ia 4500
008 230524s9999 xx 000 0 und d
020 _a9788184884395
082 _a650
_bSHE
100 _aS.A.Sherlekar
245 0 _aManagement (Value-Oriented Holistic Approach)
250 _aIST
260 _aMUMBAI
_bHimalaya
_c2007
300 _aXXIII;563
500 _aQuantity Number: 2
650 _aManagement
942 _cBK
999 _c40870
_d40870